Statistics for NRL State of Origin - Queensland Players

Click here to take the quiz!

General Stats

  • This quiz has been taken 34 times
  • The average score is 33 of 229

Answer Stats

Answer% Correct
Reece Walsh
93%
Cameron Munster
70%
Billy Slater
67%
Cameron Smith
67%
Daly Cherry-Evans
63%
Alan Smith
59%
Cooper Cronk
59%
Craig Smith
59%
Darren Smith
59%
Gary Smith
59%
Jason Smith
59%
Wally Fullerton Smith
59%
Wally Lewis
56%
Ben Hunt
52%
Dane Gagai
52%
Johnathan Thurston
52%
Kalyn Ponga
52%
Karmichael Hunt
52%
Selwyn Cobbo
48%
Corey Oates
44%
Darren Lockyer
44%
Harry Grant
44%
Valentine Holmes
44%
Xavier Coates
44%
Allan Langer
41%
Greg Inglis
41%
John Lang
41%
Martin Lang
41%
Mal Meninga
37%
Norm Carr
37%
Patrick Carrigan
37%
Jeremiah Nanai
33%
Josh Papalii
33%
Tom Dearden
33%
AJ Brimson
30%
Brent Tate
30%
Hamiso Tabuai-Fidow
30%
Jai Arrow
30%
Murray Taulagi
30%
Thomas Flegler
30%
Tom Gilbert
30%
Colin Scott
26%
Corey Parker
26%
Darius Boyd
26%
David Fifita
26%
Kerrod Walters
26%
Kevin Walters
26%
Matthew Scott
26%
Reuben Cotter
26%
Sam Thaiday
26%
Steve Walters
26%
Tino Fa'asuamaleaui
26%
Gorden Tallis
22%
Kurt Capewell
22%
Arthur Beetson
19%
Christian Welch
19%
Israel Folau
19%
Justin Hodges
19%
Kyle Feldt
19%
Lindsay Collins
19%
Lote Tuqiri
19%
Mat Rogers
19%
Matt Bowen
19%
Wendell Sailor
19%
Anthony Milford
15%
Dave Brown
15%
Gavin Cooper
15%
Gavin Jones
15%
Jake Friend
15%
Michael Hancock
15%
Rod Morris
15%
Rohan Hancock
15%
Shane Webcke
15%
Steve Price
15%
Will Chambers
15%
Antonio Kaufusi
11%
Billy Moore
11%
Brad Thorn
11%
Brenko Lee
11%
Bruce Walker
11%
Carl Webb
11%
Chris Close
11%
Chris Walker
11%
Dallas Johnson
11%
Dane Carlaw
11%
Danny Moore
11%
Edrick Lee
11%
Felise Kaufusi
11%
Gene Miles
11%
Matt Gillett
11%
Michael Morgan
11%
Nate Myles
11%
Phillip Sami
11%
Shaun Berrigan
11%
Tonie Carroll
11%
Adrian Lam
7%
Aidan Guerra
7%
Andrew Gee
7%
Ben Hannant
7%
Ben Te'o
7%
Brad Backer
7%
Brad Meyers
7%
Bruce Astil
7%
Casey McGuire
7%
Chris McKenna
7%
Corey Norman
7%
David Stagg
7%
Dunamis Lui
7%
Greg Oliphant
7%
Josh McGuire
7%
Julian O'Neill
7%
Justin O'Neill
7%
Kerry Boustead
7%
Kevin Campion
7%
Mark Murray
7%
Matt Sing
7%
Mitch Brennan
7%
Moeaki Fotuaika
7%
Moses Mbye
7%
Paul Green
7%
Paul Vautin
7%
Petero Civoniceva
7%
Rod Reddy
7%
Scott Prince
7%
Scott Sattler
7%
Steven Bell
7%
Steve Renouf
7%
Tim Glasby
7%
Ty Williams
7%
Willie Tonga
7%
Andrew McCullough
4%
Ashley Harrison
4%
Ben Ikin
4%
Bob Kellaway
4%
Bob Lindner
4%
Brad Tessmann
4%
Brett Dallas
4%
Brett French
4%
Bryan Niebling
4%
Chris Flannery
4%
Chris McQueen
4%
Chris Phelan
4%
Coen Hess
4%
Corey Horsburgh
4%
Dane Nielsen
4%
Dan Stains
4%
Darryl Brohman
4%
Dylan Napa
4%
Ethan Lowe
4%
Francis Molo
4%
Gary Coyne
4%
Gavin Allen
4%
Graham Quinn
4%
Greg Conescu
4%
Greg Dowling
4%
Greg Holben
4%
Ian French
4%
Jacob Lillyman
4%
Jamie Goddard
4%
Jarrod Wallace
4%
Jason Hetherington
4%
Jaydn Su'A
4%
Joe Ofahengaue
4%
John Dowling
4%
John Ribot
4%
Mark Coyne
4%
Mark Hohn
4%
Martin Bella
4%
Michael Crocker
4%
Paul Bowman
4%
Paul Hauff
4%
Paul Khan
4%
Paul McCabe
4%
Peter Ryan
4%
PJ Marsh
4%
Rhys Wesser
4%
Robbie O'Davis
4%
Ross Henrick
4%
Scott Tronc
4%
Steve Stacey
4%
Stuart Kelly
4%
Terry Butler
4%
Tony Currie
4%
Trevor Gillmeister
4%
Willie Carne
4%
Adam Mogg
0%
Adrian Brunker
0%
Adrian Vowles
0%
Alan McIndoe
0%
Allan Cann
0%
Ben Ross
0%
Cavill Heugh
0%
Chris Beattie
0%
Clinton O'Brien
0%
Clinton Schifcofske
0%
Corey Allan
0%
Craig Greenhill
0%
Craig Teevan
0%
Dale Shearer
0%
Daniel Wagon
0%
Danny Nutley
0%
Darren Fritz
0%
David Shillington
0%
David Taylor
0%
Gary Belcher
0%
Grant Rix
0%
Jeremy Schloss
0%
Jharal Yow Yeh
0%
Joe Kilroy
0%
John Buttigieg
0%
John Doyle
0%
Josh Hannay
0%
Les Kiss
0%
Matt Ballin
0%
Michael Hagan
0%
Mike McLean
0%
Nathan Fien
0%
Neil Tierney
0%
Neville Costigan
0%
Owen Cunningham
0%
Peter Jackson
0%
Russell Bawden
0%
Sam Backo
0%
Shannon Hegarty
0%
Steve Jackson
0%
Terry Cook
0%
Tony Hearn
0%
Travis Norton
0%
Wayne Bartrim
0%

Score Distribution

Percentile by Number Answered

Percent of People with Each Score

Your Score History

You have not taken this quiz